000 00726nam a2200253Ia 4500
003 OSt
005 20221006151609.0
006 a|||||r|||| 00| 0
007 ta
008 221006b |||||||| |||| 00| 0 eng d
020 _c
_8.95
024 _a22,671
037 _cTextual
040 _aEASL
_cEASL
_beng
041 _2eng
_aeng
082 _aV41:19.N76, L7
100 _aWHITING Allen S
245 0 _aChina's future
_b Foreign policy and economic development in the Post-Mao era
260 _aNew York
_bMcGraw-Hill
_c1977
300 _a204p.
_ccm.
700 _a DERNBERGER Robert F
942 _hV41:19.N76, L7
_cTEXL
_2CC
999 _c1090757
_d1090757